[Event "Gijon RGCC op 7th"]
[Site "Gijon"]
[Date "2023.08.11"]
[Round "9"]
[White "Paton Alvarez, Ivan"]
[Black "Arias Torio, Sergio"]
[Result "1-0"]
[WhiteElo "1981"]
[BlackElo "2067"]
[PlyCount "89"]
[EventDate "2023.08.05"]
[EventType "swiss"]
[EventRounds "9"]
[EventCountry "ESP"]
[SourceTitle "EXT 2024"]
[Source "ChessBase"]
[SourceDate "2023.10.10"]
[SourceVersion "1"]
[SourceVersionDate "2023.10.10"]
[SourceQuality "1"]

1. e4 d6 2. d4 Nf6 3. Nc3 e5 4. Nf3 Nbd7 5. Bc4 Be7 6. 0-0 0-0 7. Re1 c6 8. a4 a5 9. h3 Qc7 10. Ba2 Nb6 11. Be3 Bd7 12. dxe5 dxe5 13. Nxe5 Qxe5 14. Bxb6 Bd6 15. g3 Bxh3 16. Bd4 Qg5 17. e5 Bc7 18. Be3 Qg6 19. exf6 Bxg3 20. Qf3 Be5+ 21. Kh1 Bg4 22. Qg2 Qh5+ 23. Kg1 Bxf6 24. Qh2 Qf5 25. Qf4 Qh5 26. Qh2 Qf5 27. Rac1 Bf3 28. Bf4 Rfe8 29. Re3 Rxe3 30. fxe3 g5 31. Qg3 Bg4 32. Rf1 h5 33. Bd6 Qg6 34. Qf2 Kg7 35. Ne4 Bxb2 36. Qxf7+ Qxf7 37. Rxf7+ Kg6 38. Rxb7 Bc1 39. Kf2 Bf5 40. Bf7+ Kh6 41. Ng3 Bxc2 42. Bxh5 Rd8 43. Be5 Rd2+ 44. Ke1 g4 45. Bf4# 1-0

[Event "ESP-ch U16 rapid"]
[Site "Salobrena"]
[Date "2023.07.30"]
[Round "6"]
[White "Bethencourt Hernandez, Alberto"]
[Black "Paton Alvarez, Ivan"]
[Result "0-1"]
[WhiteElo "1676"]
[BlackElo "1957"]
[PlyCount "108"]
[EventDate "2023.07.29"]
[EventType "swiss (rapid)"]
[EventRounds "9"]
[EventCountry "ESP"]
[SourceTitle "EXT 2024"]
[Source "ChessBase"]
[SourceDate "2023.10.10"]
[SourceVersion "1"]
[SourceVersionDate "2023.10.10"]
[SourceQuality "1"]

1. e4 c5 2. Nf3 d6 3. d4 cxd4 4. Nxd4 Nf6 5. Nc3 g6 6. Be3 Bg7 7. f3 Nc6 8. Qd2 0-0 9. 0-0-0 d5 10. exd5 Nxd5 11. Nxc6 bxc6 12. Bd4 Bxd4 13. Qxd4 Qb6 14. Nxd5 cxd5 15. Qxd5 Be6 16. Qd4 Qa5 17. a3 Rfd8 18. Qe3 Rxd1+ 19. Kxd1 Qd5+ 20. Bd3 Qa2 21. Qc1 Rb8 22. b3 Bxb3 23. cxb3 Rd8 24. Qe3 Qb1+ 25. Kd2 Qxh1 26. Qxe7 Qxg2+ 27. Kc3 Rc8+ 28. Bc4 Qxf3+ 29. Kc2 Kg7 30. Qxa7 Rd8 31. a4 Qd1+ 32. Kb2 Rd7 33. Qb8 Qd4+ 34. Ka3 Qc5+ 35. Qb4 Qe5 36. Qb5 Qa1+ 37. Kb4 Qe1+ 38. Kc5 Rd8 39. Qb7 Qe5+ 40. Bd5 Qd6+ 41. Kc4 Rd7 42. Qb5 Rc7+ 43. Kd4 Qf6+ 44. Ke4 Re7+ 45. Kd3 Qf4 46. Kc3 Re3+ 47. Kb2 Qd4+ 48. Ka3 Re5 49. Qc4 Qxd5 50. Qxd5 Rxd5 51. b4 f5 52. a5 f4 53. a6 f3 54. a7 Rd8 0-1

[Event "ESP-ch U16 rapid"]
[Site "Salobrena"]
[Date "2023.07.30"]
[Round "9"]
[White "Paton Alvarez, Ivan"]
[Black "Martino Girones, Gonzalo"]
[Result "1-0"]
[WhiteElo "1957"]
[BlackElo "1750"]
[PlyCount "120"]
[EventDate "2023.07.29"]
[EventType "swiss (rapid)"]
[EventRounds "9"]
[EventCountry "ESP"]
[SourceTitle "EXT 2024"]
[Source "ChessBase"]
[SourceDate "2023.10.10"]
[SourceVersion "1"]
[SourceVersionDate "2023.10.10"]
[SourceQuality "1"]

1. e4 c5 2. Nf3 g6 3. d4 cxd4 4. Nxd4 Bg7 5. Nc3 Nc6 6. Be3 Nf6 7. Bc4 Qa5 8. 0-0 0-0 9. Bb3 d6 10. f3 Bd7 11. Qd2 Rac8 12. Nxc6 bxc6 13. Bh6 Qb6+ 14. Kh1 c5 15. Bxg7 Kxg7 16. Rab1 Rc7 17. Nd5 Nxd5 18. Bxd5 Rb8 19. Bc4 Bb5 20. Qc3+ Kg8 21. Bxb5 Qxb5 22. Rfd1 Qc6 23. a3 Rcb7 24. b3 Rb5 25. e5 d5 26. Qd3 c4 27. Qe3 Qb7 28. b4 e6 29. h4 h5 30. Rd4 Qe7 31. c3 a5 32. a4 R5b7 33. b5 Kg7 34. Ra1 Rb6 35. Kh2 R6b7 36. Kh3 Rh8 37. Rf4 Qd8 38. Rf6 Qb6 39. Qxb6 Rxb6 40. Rf4 Rb7 41. Rd1 Rhb8 42. Rdd4 Rh8 43. Rf6 Rh7 44. Kg3 Rh8 45. Kf4 Rh7 46. Ke3 Rh8 47. Rd1 Rc8 48. Kd4 Rb6 49. g3 Rb7 50. Ke3 Rd8 51. Kd4 Rc8 52. g4 hxg4 53. fxg4 Rcc7 54. Rh1 Rb8 55. g5 Rh8 56. Rf4 Rh5 57. b6 Rc6 58. Rhf1 Kg8 59. b7 Rb6 60. Rxf7 Rxh4+ 1-0

[Event "Villa de Gijon op 6th"]
[Site "Gijon"]
[Date "2022.09.15"]
[Round "8"]
[White "Paton Alvarez, Ivan"]
[Black "Suarez Uriel, Adrian"]
[Result "0-1"]
[WhiteElo "1965"]
[BlackElo "2375"]
[PlyCount "74"]
[EventDate "2022.09.10"]
[EventType "swiss"]
[EventRounds "9"]
[EventCountry "ESP"]
[SourceTitle "CBM 210 Extra"]
[Source "ChessBase"]
[SourceDate "2022.11.30"]
[SourceVersion "1"]
[SourceVersionDate "2022.11.30"]
[SourceQuality "1"]

1. e4 c5 2. Nf3 d6 3. d4 cxd4 4. Nxd4 Nf6 5. Nc3 a6 6. h3 e5 7. Nb3 Be6 8. f4 b5 9. Qf3 Be7 10. f5 Bc8 11. g4 b4 12. Nd1 Bb7 13. Bd3 h6 14. 0-0 Nbd7 15. a3 bxa3 16. bxa3 Rc8 17. Bd2 Nc5 18. Nxc5 dxc5 19. Rb1 Ba8 20. Bxa6 Nxe4 21. Bxc8 Qxc8 22. Qe2 0-0 23. Be1 Ng5 24. Kh2 e4 25. Bg3 Rd8 26. Rb8 Qd7 27. Rxd8+ Qxd8 28. Ne3 Nf3+ 29. Kg2 Nd4 30. Qd2 Qb6 31. c3 Nf3 32. Qd7 Bf8 33. Qc8 Bb7 34. Qc7 Qb2+ 35. Rf2 Qc1 36. Nf1 Qb1 37. Ne3 Qg1# 0-1

[Event "Villa de Gijon op 6th"]
[Site "Gijon"]
[Date "2022.09.10"]
[Round "1"]
[White "Paton Alvarez, Ivan"]
[Black "Szpar, Milosz"]
[Result "0-1"]
[WhiteElo "1965"]
[BlackElo "2442"]
[PlyCount "54"]
[EventDate "2022.09.10"]
[EventType "swiss"]
[EventRounds "9"]
[EventCountry "ESP"]
[SourceTitle "CBM 210 Extra"]
[Source "ChessBase"]
[SourceDate "2022.11.30"]
[SourceVersion "1"]
[SourceVersionDate "2022.11.30"]
[SourceQuality "1"]

1. e4 c5 2. Nf3 d6 3. d4 cxd4 4. Nxd4 Nf6 5. Nc3 Nc6 6. Bg5 e6 7. Qd2 a6 8. 0-0-0 Bd7 9. f3 Be7 10. Kb1 Qc7 11. g4 Nxd4 12. Qxd4 Bc6 13. h4 h5 14. Be2 Rc8 15. Be3 hxg4 16. Ka1 gxf3 17. Bxf3 b5 18. Rdg1 Rh7 19. h5 Qb7 20. a3 a5 21. b4 axb4 22. axb4 Nd7 23. Bg5 Ne5 24. Be2 Ra8+ 25. Kb2 Bxg5 26. Rxg5 Qa6 27. Nb1 Qa1+ 0-1

[Event "Oviedo op 8th"]
[Site "Oviedo"]
[Date "2022.07.23"]
[Round "9"]
[White "Paton Alvarez, Ivan"]
[Black "Grana Castanal, Andres"]
[Result "1/2-1/2"]
[WhiteElo "1953"]
[BlackElo "1917"]
[PlyCount "48"]
[EventDate "2022.07.17"]
[EventType "swiss"]
[EventRounds "9"]
[EventCountry "ESP"]
[SourceTitle "CBM 209 Extra"]
[Source "ChessBase"]
[SourceDate "2022.09.30"]
[SourceVersion "1"]
[SourceVersionDate "2022.09.30"]
[SourceQuality "1"]

1. e4 e5 2. Nf3 Nc6 3. d4 exd4 4. Bc4 Nf6 5. e5 d5 6. Bb5 Ne4 7. Nxd4 Bc5 8. Be3 Bd7 9. Bxc6 bxc6 10. 0-0 0-0 11. f3 Ng5 12. f4 Ne4 13. Nd2 Nxd2 14. Qxd2 Qe7 15. Rae1 Bb6 16. Nb3 Bf5 17. c3 Rae8 18. Kh1 Be4 19. Qf2 f6 20. exf6 Rxf6 21. Bc5 Qd7 22. Bxb6 axb6 23. Nd2 Qf5 24. Nxe4 Rxe4 1/2-1/2

[Event "Oviedo op 8th"]
[Site "Oviedo"]
[Date "2022.07.18"]
[Round "2"]
[White "Jimenez Almeida, Luis David"]
[Black "Paton Alvarez, Ivan"]
[Result "1-0"]
[WhiteElo "2246"]
[BlackElo "1953"]
[PlyCount "65"]
[EventDate "2022.07.17"]
[EventType "swiss"]
[EventRounds "9"]
[EventCountry "ESP"]
[SourceTitle "CBM 209 Extra"]
[Source "ChessBase"]
[SourceDate "2022.09.30"]
[SourceVersion "1"]
[SourceVersionDate "2022.09.30"]
[SourceQuality "1"]

1. Nf3 Nf6 2. c4 e6 3. b3 d5 4. Bb2 Be7 5. e3 0-0 6. Be2 c5 7. 0-0 Nc6 8. cxd5 exd5 9. d4 Bf5 10. dxc5 Bxc5 11. Nc3 Rc8 12. Rc1 Be7 13. Na4 Ne4 14. Nd4 Be6 15. Nxe6 fxe6 16. Bd3 Nf6 17. Nc5 Bxc5 18. Rxc5 Rf7 19. Qe2 Rfc7 20. Rd1 Ne5 21. Rxc7 Qxc7 22. Bb1 b6 23. h3 Ned7 24. e4 dxe4 25. Bxe4 Nxe4 26. Qxe4 Nc5 27. Qg4 Re8 28. b4 Nb7 29. Rc1 Qf7 30. Be5 Nd8 31. Rc8 g6 32. Qh4 Qf8 33. Qf6 1-0

[Event "ESP-ch U14"]
[Site "Salobrena"]
[Date "2021.07.16"]
[Round "8"]
[White "Paton Alvarez, Ivan"]
[Black "Ferre Cebrian, Guifre"]
[Result "1-0"]
[WhiteElo "1789"]
[BlackElo "1450"]
[PlyCount "39"]
[EventDate "2021.07.12"]
[EventType "swiss"]
[EventRounds "9"]
[EventCountry "ESP"]
[SourceTitle "EXT 2022"]
[Source "ChessBase"]
[SourceDate "2021.10.06"]
[SourceVersion "1"]
[SourceVersionDate "2021.10.06"]
[SourceQuality "1"]

1. e4 c5 2. Nf3 d6 3. d4 cxd4 4. Nxd4 Nf6 5. Nc3 g6 6. Be3 Bg7 7. f3 0-0 8. Qd2 Nc6 9. 0-0-0 d5 10. Kb1 Nxd4 11. e5 Nf5 12. exf6 Nxe3 13. fxg7 Kxg7 14. Qxe3 e6 15. h4 a6 16. h5 Qe7 17. hxg6 fxg6 18. Nxd5 Qd7 19. Qh6+ Kh8 20. Qxf8# 1-0

[Event "ESP-ch U14"]
[Site "Salobrena"]
[Date "2020.08.07"]
[Round "7"]
[White "Antich Fernandez, Marta Isabel"]
[Black "Paton Alvarez, Ivan"]
[Result "1/2-1/2"]
[WhiteElo "1645"]
[BlackElo "1768"]
[PlyCount "63"]
[EventDate "2020.08.03"]
[EventType "swiss"]
[EventRounds "9"]
[EventCountry "ESP"]
[SourceTitle "EXT 2021"]
[Source "ChessBase"]
[SourceDate "2020.10.23"]
[SourceVersion "1"]
[SourceVersionDate "2020.10.23"]
[SourceQuality "1"]

1. e4 c5 2. Nf3 Nc6 3. Bb5 g6 4. c3 Nf6 5. Qe2 Bg7 6. 0-0 0-0 7. d4 cxd4 8. cxd4 d5 9. e5 Ne4 10. Nbd2 Nxd2 11. Bxd2 Bg4 12. Bc3 f6 13. e6 f5 14. h3 Bxf3 15. Qxf3 Nxd4 16. Bxd4 Bxd4 17. Bd7 Qa5 18. Rad1 Bxb2 19. Rxd5 Qxa2 20. Rb5 Bf6 21. Rxb7 Rfb8 22. Rfb1 Be5 23. g4 Rxb7 24. Rxb7 Rb8 25. Rxb8+ Bxb8 26. Qb7 Qa1+ 27. Kg2 Qe5 28. gxf5 gxf5 29. Kf1 Qh2 30. Qf3 Qe5 31. Qh5 Kh8 32. Qf7 1/2-1/2

[Event "ESP-ch U14"]
[Site "Salobrena"]
[Date "2020.08.05"]
[Round "4"]
[White "Paton Alvarez, Ivan"]
[Black "Salinas Tomas, Daniel"]
[Result "0-1"]
[WhiteElo "1768"]
[BlackElo "2041"]
[PlyCount "126"]
[EventDate "2020.08.03"]
[EventType "swiss"]
[EventRounds "9"]
[EventCountry "ESP"]
[SourceTitle "EXT 2021"]
[Source "ChessBase"]
[SourceDate "2020.10.23"]
[SourceVersion "1"]
[SourceVersionDate "2020.10.23"]
[SourceQuality "1"]

1. e4 c5 2. Nf3 d6 3. d4 cxd4 4. Nxd4 Nf6 5. Nc3 Nc6 6. Bg5 e6 7. Qd2 a6 8. Nxc6 bxc6 9. 0-0-0 Be7 10. Bxf6 gxf6 11. Qe3 Rb8 12. Bc4 Qb6 13. Qxb6 Rxb6 14. Rhe1 0-0 15. Rd3 Kh8 16. f4 Rd8 17. g3 a5 18. Red1 Rb4 19. Bb3 Ba6 20. R3d2 c5 21. a3 Rb7 22. Ne2 Rdb8 23. Ba2 Bxe2 24. Rxe2 Rxb2 25. Bc4 a4 26. Re3 Rb1+ 27. Kd2 Bd8 28. Rxb1 Rxb1 29. h3 Kg7 30. Rd3 Bc7 31. Ke2 Kf8 32. Kd2 Ke7 33. Ke2 Ba5 34. Rd1 Rb2 35. Kd3 f5 36. exf5 d5 37. Ba6 c4+ 38. Bxc4 dxc4+ 39. Kxc4 Bb6 40. Kc3 Ra2 41. Kb4 Rxc2 42. Kxa4 exf5 43. Kb5 Bf2 44. Rd3 Re2 45. Rf3 Kd6 46. a4 Kd5 47. Rd3+ Bd4 48. g4 Re3 49. Rd1 Rb3+ 50. Ka6 Rxh3 51. gxf5 Ra3 52. a5 Ra1 53. Rd2 Ke4 54. Rh2 Bc3 55. Rxh7 Rxa5+ 56. Kb6 Rxf5 57. Kc6 Kxf4 58. Kd7 Ke5 59. Ke8 Ke6 60. Kf8 Rb5 61. Rh6+ Bf6 62. Kg8 Rb8+ 63. Kh7 Rh8# 0-1

[Event "ESP-ch U14"]
[Site "Salobrena"]
[Date "2020.08.04"]
[Round "3"]
[White "Bernado Lopez, Roger"]
[Black "Paton Alvarez, Ivan"]
[Result "1-0"]
[WhiteElo "2148"]
[BlackElo "1768"]
[PlyCount "83"]
[EventDate "2020.08.03"]
[EventType "swiss"]
[EventRounds "9"]
[EventCountry "ESP"]
[SourceTitle "EXT 2021"]
[Source "ChessBase"]
[SourceDate "2020.10.23"]
[SourceVersion "1"]
[SourceVersionDate "2020.10.23"]
[SourceQuality "1"]

1. e4 c5 2. Nf3 d6 3. d4 cxd4 4. Nxd4 Nf6 5. Nc3 g6 6. Be3 Bg7 7. f3 0-0 8. Qd2 Nc6 9. Bc4 Bd7 10. 0-0-0 Rc8 11. Bb3 Nxd4 12. Bxd4 b5 13. Nd5 Nxd5 14. Bxg7 Kxg7 15. exd5 a5 16. a3 Qc7 17. g4 e5 18. dxe6 Bxe6 19. Kb1 Bxb3 20. cxb3 Qc6 21. Rhf1 b4 22. a4 Rfe8 23. h4 h6 24. h5 g5 25. Qd4+ Kg8 26. Rc1 Qd7 27. Rxc8 Rxc8 28. Rd1 Qc6 29. Qd5 Qc2+ 30. Ka2 Qe2 31. Qd3 Qxd3 32. Rxd3 Rc5 33. Rxd6 Kg7 34. Rb6 Rc7 35. Rb5 Ra7 36. Kb1 f6 37. Kc2 Kf7 38. Kd3 Ke6 39. Rf5 Ra6 40. Kc4 Kd7 41. Kb5 Ra8 42. Rxf6 1-0

[Event "ESP-ch U14"]
[Site "Salobrena"]
[Date "2020.08.03"]
[Round "1"]
[White "Pedreira Garcia, Nicolas"]
[Black "Paton Alvarez, Ivan"]
[Result "0-1"]
[WhiteElo "1403"]
[BlackElo "1768"]
[PlyCount "106"]
[EventDate "2020.08.03"]
[EventType "swiss"]
[EventRounds "9"]
[EventCountry "ESP"]
[SourceTitle "EXT 2021"]
[Source "ChessBase"]
[SourceDate "2020.10.23"]
[SourceVersion "1"]
[SourceVersionDate "2020.10.23"]
[SourceQuality "1"]

1. d4 d5 2. Nf3 Nf6 3. c4 e6 4. Nc3 Be7 5. Bf4 0-0 6. e3 c5 7. dxc5 Bxc5 8. cxd5 Nxd5 9. Nxd5 exd5 10. a3 Nc6 11. Qc2 Qa5+ 12. Nd2 d4 13. e4 Be6 14. Rc1 Be7 15. Bd3 Rac8 16. Qd1 Ne5 17. Bxe5 Qxe5 18. 0-0 Rxc1 19. Qxc1 Rc8 20. Qb1 Qc5 21. f4 b5 22. f5 Bd7 23. Nb3 Qb6 24. Rc1 Bg5 25. Rxc8+ Bxc8 26. Qc2 Bb7 27. Qc5 Qxc5 28. Nxc5 Bc6 29. Kf2 Bc1 30. Nb3 Bxb2 31. Ke2 Kf8 32. Kf3 a6 33. Kf4 Ke7 34. g4 f6 35. h4 Bxa3 36. Nxd4 Bd7 37. g5 Bb2 38. Nb3 Kd6 39. h5 fxg5+ 40. Kxg5 Bf6+ 41. Kf4 Be8 42. Be2 h6 43. Ke3 Bf7 44. Nd4 Kc5 45. Nc2 a5 46. Kd2 b4 47. Kc1 b3 48. Na3 Kb4 49. Nb5 Bc4 50. Bxc4 Kxc4 51. Nd6+ Kb4 52. Ne8 Be5 53. Kb1 a4 0-1